Top 10 Manchester United Premier League Appearances - Statistics

General Stats
  • This quiz has been taken 381 times
  • The average score is 8 of 10
Answer Stats
Player Apps % Correct
Ryan Giggs 632
96%
Wayne Rooney 393
93%
Paul Scholes 498
92%
Rio Ferdinand 312
88%
Gary Neville 397
85%
David de Gea 415
74%
Roy Keane 326
69%
Michael Carrick 316
68%
Patrice Evra 273
56%
Denis Irwin 296
49%
No matching quizzes found
Score Distribution
Percent of People with Each Score
Percentile by Number Answered
Your Score History
You have not taken this quiz